000 00636nam a22002177a 4500
003 UA-OsUOA
001 79776
007 ta
008 20111121b un ||||| |||| 00| 0 ukr d
100 _aЦиганик Я.
090 _a82
_bЦ58
942 _cSA
040 _aUA-OsUOA
_bukr
_cUA-OsUOA
_dUA-OsUOA
245 _aБайки Езопа в перекладах Якова Головацького
300 _aС.19-31
955 _a0
041 _aukr
080 _a82
773 0 _w79773
_tМіфологія і фольклор
_dЛьвів
_d2011
_g2
650 7 _a82 Література. Літературознавство
_2UDC
999 _c366123
_d366123